Thực trạng áp dụng 5s tại Công ty TNHH Nhật Hường
Gồm: Lịch sử hình thành; thực trạng áp dụng 5s tại Công ty TNHH Nhật Tường; kết luận
Bewaard in:
| Formaat: | Boek |
|---|---|
| Taal: | Undetermined |
| Gepubliceerd in: |
[?]
[?]
[?]
|
| Onderwerpen: | |
| Online toegang: | http://lrc.tdmu.edu.vn/opac/search/detail.asp?aID=2&ID=29683 |
| Tags: |
Voeg label toe
Geen labels, Wees de eerste die dit record labelt!
|
| Thư viện lưu trữ: | Trung tâm Học liệu Trường Đại học Thủ Dầu Một |
|---|
| LEADER | 00698nam a2200181Ia 4500 | ||
|---|---|---|---|
| 001 | TDMU_29683 | ||
| 008 | 210410s9999 xx 000 0 und d | ||
| 082 | |a 346.5970469164 | ||
| 090 | |b TH552 | ||
| 245 | 0 | |a Thực trạng áp dụng 5s tại Công ty TNHH Nhật Hường | |
| 260 | |a [?] | ||
| 260 | |b [?] | ||
| 260 | |c [?] | ||
| 300 | |a 31tr | ||
| 520 | |a Gồm: Lịch sử hình thành; thực trạng áp dụng 5s tại Công ty TNHH Nhật Tường; kết luận | ||
| 650 | |a Môi trường |x Nơi làm việc | ||
| 856 | |u http://lrc.tdmu.edu.vn/opac/search/detail.asp?aID=2&ID=29683 | ||
| 980 | |a Trung tâm Học liệu Trường Đại học Thủ Dầu Một | ||